<?xml version="1.0" encoding="UTF-8"?>
<record
    xmlns:xsi="http://www.w3.org/2001/XMLSchema-instance"
    xsi:schemaLocation="http://www.loc.gov/MARC21/slim http://www.loc.gov/standards/marcxml/schema/MARC21slim.xsd"
    xmlns="http://www.loc.gov/MARC21/slim">

  <leader>01318nam a22002177a 4500</leader>
  <controlfield tag="003">OSt</controlfield>
  <controlfield tag="005">20211018121230.0</controlfield>
  <controlfield tag="008">180817s2020    dr     grl 000 0 spaspa</controlfield>
  <datafield tag="020" ind1=" " ind2=" ">
    <subfield code="a">9789945610345</subfield>
  </datafield>
  <datafield tag="040" ind1=" " ind2=" ">
    <subfield code="a">DO-SdBNP</subfield>
    <subfield code="b">spa</subfield>
    <subfield code="c">BPMSU </subfield>
  </datafield>
  <datafield tag="082" ind1=" " ind2=" ">
    <subfield code="a">340</subfield>
    <subfield code="b">R426l 2020</subfield>
    <subfield code="2">22</subfield>
  </datafield>
  <datafield tag="110" ind1="2" ind2=" ">
    <subfield code="a">Rep&#xFA;blica Dominicana :</subfield>
    <subfield code="b">Tribunal constitucional </subfield>
  </datafield>
  <datafield tag="245" ind1="1" ind2="0">
    <subfield code="a">Leyes sobre s&#xED;mbolos patrios :</subfield>
    <subfield code="b">ley 210-19: que regula el uso de los s&#xED;mbolos patrios de la Rep&#xFA;blica Dominicana : ley no. 193-19 dispone que las im&#xE1;genes de los patricios Juan Pablo Duarte, Francisco del Rosario S&#xE1;nchez Ram&#xF3;n Mat&#xED;as Mella sean colocados en todas las instituciones p&#xFA;blicas del pa&#xED;s</subfield>
  </datafield>
  <datafield tag="246" ind1="1" ind2="3">
    <subfield code="a">Leyes sobre s&#xED;mbolos patrios :</subfield>
    <subfield code="b">Ley 193-19 dispone que las im&#xE1;genes de los patricios Juan Pablo Duarte, Francisco del Rosario S&#xE1;nchez Ram&#xF3;n Mat&#xED;as Mella sean colocados en todas las instituciones p&#xFA;blicas del pa&#xED;s</subfield>
  </datafield>
  <datafield tag="260" ind1=" " ind2=" ">
    <subfield code="a">Santo Domingo :</subfield>
    <subfield code="b">Tribunal Constitucional,</subfield>
    <subfield code="c">2020.</subfield>
  </datafield>
  <datafield tag="300" ind1=" " ind2=" ">
    <subfield code="a">43 p. ;</subfield>
    <subfield code="c">23 cm.</subfield>
  </datafield>
  <datafield tag="500" ind1=" " ind2=" ">
    <subfield code="a">Ley No. 193-19 dispone que las im&#xE1;genes de los patricios Juan Pablo Duarte, Francisco del Rosario S&#xE1;nchez y Ram&#xF3;n Mat&#xED;as Mella sean colocadas en todas las instituciones p&#xFA;blicas del pa&#xED;s. G. O. No. 10945 del 24 de junio de 2019.</subfield>
  </datafield>
  <datafield tag="590" ind1=" " ind2=" ">
    <subfield code="a">Inventariado, 2021VM</subfield>
  </datafield>
  <datafield tag="910" ind1=" " ind2=" ">
    <subfield code="a">VMateo V. </subfield>
  </datafield>
  <datafield tag="942" ind1=" " ind2=" ">
    <subfield code="2">ddc</subfield>
    <subfield code="c">BK</subfield>
  </datafield>
  <datafield tag="999" ind1=" " ind2=" ">
    <subfield code="c">13797</subfield>
    <subfield code="d">13797</subfield>
  </datafield>
</record>
